00845nam a2200241Ia 450000100060000000300090000600800410001504000130005604000130006904100120008210000140009410000290010824500940013724500570023125000110028826000080029926000330030726000490034030000590038950001030044865000210055165000310057223114IT-RoPAU130308s9999 xx 000 0 und d aIT-RoPAU cIT-RoPAU aINGLESE aGross Leo gCodice Aut. SPICS: 6537 aSome International Law Aspects of the Freedom of Information and the Right to Communicate bNational Sovereignty And International Communication a1a ed. aUSA bAblex Publishing Corporation c1979 [1° Ed.:1979 - Ed.Ling.Originale:1979] a"22 p. (prefazione: no ; testo: 22 [pagine: 195-216])" aAlcuni Aspetti della legge internazionale Sulla Libertà d'informazione e Il Diritto a Comunicare aDIRITTO GENERALE eCodice materia Spics: 4601